| 000 | 00460nam a2200169Ia 4500 | ||
|---|---|---|---|
| 003 | LK-CoDNM | ||
| 008 | 010623t2011 xxu||||| |||| 00| 1 sin d | ||
| 040 |
_aLK-CoDNM _dLK-CoDNM _eLK-CoDNM |
||
| 041 | _asin | ||
| 080 | _a8S3''12/13'' DHA | ||
| 100 | _aDharmakeerti himi | ||
| 245 | _aසද්ධර්මාලංකාරය | ||
| 246 | _aSaddharmalankaraya | ||
| 260 |
_bBuddhist Cultural Centre _aDehiwala _c2011 |
||
| 300 | _b967, 21 cm | ||
| 942 | _cBK | ||
| 999 |
_c131733 _d131733 |
||